Statistics for God of War 2018 characters

Click here to take the quiz!

General Stats

  • This quiz has been taken 460 times
  • The average score is 12 of 13

Answer Stats

HintAnswer% Correct
The Ghost of SpartaKratos
100%
The boy who uses a bowAtreus
98%
The God of thunderThor
97%
The AllfatherOdin
96%
The witch of the woodsFreya
94%
He knocks on your door looking for someoneBaldur
93%
The dwarfs who aid youBrok
93%
Claims to be the smartest man aliveMimir
92%
The dwarfs who aid youSindri
90%
The brothers you fightMagni
86%
The brothers you fightModi
86%
The Norse God of WarTyr
85%
The World SerpantJormungandr
74%

Score Distribution

Percentile by Number Answered

Percent of People with Each Score

Your Score History

You have not taken this quiz